| 000 | 00459nam a22001817a 4500 | ||
|---|---|---|---|
| 003 | NUST - PNEC | ||
| 005 | 20170116180904.0 | ||
| 008 | 150902b xxu||||| |||| 00| 0 eng d | ||
| 020 | _a0070563853 | ||
| 040 | _cLIBRARY | ||
| 082 | _a620.106 SHA | ||
| 100 |
_96535 _aShames, Irving Herman, |
||
| 245 |
_aMechanics of fluids _cIrving Herman, Shames |
||
| 250 | _a2nd ed | ||
| 260 | _cc1982. | ||
| 650 |
_96538 _aMechanics of fluids _xME |
||
| 942 |
_2ddc _cBK |
||
| 999 |
_c65042 _d65042 |
||